| 000 | 00333nam a2200109Ia 4500 | ||
|---|---|---|---|
| 008 | 200302s9999 xx 000 0 und d | ||
| 100 | _aGaroline Walmsley | ||
| 245 | _aDesigning for Small Screens mobile phones I Smart phones PDAs I Pocket PCs Navigation Systems MP3 | ||
| 260 | _bAva Publishing Sa | ||
| 260 | _c2005 | ||
| 300 | _a176 P., | ||
| 999 |
_c4148 _d4148 |
||